Normale Ansicht MARC-Ansicht ISBD

Die volksdeutsche SS-Division "Prinz Eugen" : (Titelsatznr. 14331)

[ MARC ]
MARC-Details
000 -Satzkennung
Kontrollfeld mit fester Länge 00541nam a22001691c 4500
001 - Kontrollnummer
Kontrollfeld 358065291
008 - Feld mit fester Länge zur physischen Beschreibung - Allgemeine Angaben
Kontrollfeld mit fester Länge 071109s2003 gw a||| 000u ger d
020 ## - Internationale Standardbuchnummer
Internationale Standardbuchnummer 3593372347
Verknüpfung 3-593-37234-7
041 ## - Sprachcode
Sprachcode des Textes/der Tonspur oder des separaten Titels ger
040 ## - Katalogisierungsquelle
Übertragungsstelle RU-10907106
003 - Kontrollnummer Identifier
Kontrollfeld RU-10907106
100 1# - Haupteintragung - Personenname
Personenname Casagrande, Thomas
245 04 - Titel
Titel Die volksdeutsche SS-Division "Prinz Eugen" :
Zusatz zum Titel die Banater Schwaben und die nationalsozialistischen Kriegsverbrechen /
Verfasserangabe etc. Thomas Casagrande
264 ## - Produktion, Veröffentlichung, Distribution, Herstellung und Urheberrechtsvermerk
Herstellungs-, Veröffentlichungs- Vertriebs-, Erzeugungsort Frankfurt/Main [u.a.] :
Produzent, Herausgeber, Distributor, Hersteller Campus,
Datum der Herstellung, der Veröffentlichung, des Vertriebs oder des Urheberschutzvermerks 2003
300 ## - Physische Beschreibung
Umfang 368 S. : Ill., Kt
942 ## - Zusätzliche Felder (Koha)
Koha-Medientyp Monographien
Exemplare
Ausgeschieden Verloren Klassifikation oder Aufstellungssystematik Beschädigt Nicht entleihbar Heimatbibliothek Aufenthaltsbibliothek Aufstellungsort Erwerbungsdatum Inventarnummer Signatur Barcode Letzte Aktivität Preis gültig von Koha-Medientyp
    Andere/Generische Klassifikation     MWN Osteuropa MWN Osteuropa Lesesaal - 1 09/11/2007 08-00459 W 63 G o Deut 2 E0040150790E598F 22/02/2021 22/03/2021 Monographien